000 00569nam a2200145Ia 4500
008 231129s2010||||xx |||||||||||||| ||spa||
020 _a978-958-719-659-7
040 _bspa
082 _a635.21 B715p
100 _aBonilla Correa Carmen Rosa
245 0 _aPapa criolla (Solanum phureja): Producción y manejo poscosecha
260 _c2010
264 _aCorredor Tecnológico Agroindustrial. Secretarí­a de Competitividad y Desarrollo Económico; Universidad Nacional de Colombia : Departamento de Cundinamarca
942 _2ddc
_cBKS
999 _c22367
_d22367